Leadership and isolation.

Bibliographic Details
Main Author: Jennings, Helen H. (Helen Hall), 1905-
Format: Book
Language:English
Published: [Place of publication not identified] : Longmans, Green, 1950.
Edition:2d ed.
Subjects:

MARC

Tag First Indicator Second Indicator Subfields
LEADER 00000cam a2200000 4500
001 in00000037964
005 20151007080736.0
008 720113s1950 eng u
010 |a  50008269  
035 |a (OCoLC)00217786 
035 |9 AAF5302AM 
040 |c WSU  |d TXA  |d UtOrBLW 
049 |a TXAM  |c [180732] 
050 0 |a BF698  |b .J4 1950 
092 |a 301.155  |b J542 
100 1 |a Jennings, Helen H.  |q (Helen Hall),  |d 1905- 
245 1 0 |a Leadership and isolation. 
250 |a 2d ed. 
264 1 |a [Place of publication not identified] :  |b Longmans, Green,  |c 1950. 
300 |a 349 pages 
336 |a text  |b txt  |2 rdacontent 
337 |a unmediated  |b n  |2 rdamedia 
338 |a volume  |b nc  |2 rdacarrier 
504 |a Bibliography: pages 325-338. 
650 0 |a Personality. 
650 0 |a Social psychology. 
999 |a MARS 
999 f f |s c55bb3c6-edc7-3691-9b3e-7491e8bc55c6  |i 48e1e0f3-4105-3e59-9f00-7819582a1f1a  |t 0 
952 f f |p ric  |a Texas A&M University  |b Rellis Campus  |c Joint Library Facility  |d Remote Storage  |t 0  |e BF698 .J4 1950  |h Library of Congress classification  |i unmediated -- volume  |m A14800638850 
998 f f |a BF698 .J4 1950  |t 0  |l Remote Storage